<?xml version="1.0" encoding="UTF-8"?>
<record
    xmlns:xsi="http://www.w3.org/2001/XMLSchema-instance"
    xsi:schemaLocation="http://www.loc.gov/MARC21/slim http://www.loc.gov/standards/marcxml/schema/MARC21slim.xsd"
    xmlns="http://www.loc.gov/MARC21/slim">

  <leader>02178nam a2200277 a 4500</leader>
  <controlfield tag="008">190611s2012    ||||||||||||||||| ||    u</controlfield>
  <datafield tag="020" ind1=" " ind2=" ">
    <subfield code="a">9780323374743</subfield>
  </datafield>
  <datafield tag="050" ind1=" " ind2=" ">
    <subfield code="a">RC 111 Jon</subfield>
  </datafield>
  <datafield tag="100" ind1=" " ind2=" ">
    <subfield code="a">Stevens, Dennis L</subfield>
  </datafield>
  <datafield tag="245" ind1="1" ind2="0">
    <subfield code="a">Netter's infectious diseases</subfield>
    <subfield code="c">By Elaine C. Jong and Dennis L. Stevens</subfield>
  </datafield>
  <datafield tag="260" ind1=" " ind2=" ">
    <subfield code="a">Philadelphia:</subfield>
    <subfield code="b">Elsevier Saunders</subfield>
    <subfield code="c">2012</subfield>
  </datafield>
  <datafield tag="300" ind1=" " ind2=" ">
    <subfield code="a">xix, 602 pages : illustrations</subfield>
  </datafield>
  <datafield tag="350" ind1=" " ind2=" ">
    <subfield code="a">83.67</subfield>
  </datafield>
  <datafield tag="650" ind1=" " ind2="3">
    <subfield code="a">PUBLIC HEALTH</subfield>
  </datafield>
  <datafield tag="650" ind1=" " ind2=" ">
    <subfield code="a">COMMUNICABLE DISEASES</subfield>
  </datafield>
  <datafield tag="700" ind1=" " ind2=" ">
    <subfield code="a">Jong, Elaine C</subfield>
  </datafield>
  <datafield tag="995" ind1=" " ind2=" ">
    <subfield code="a">MICHAEL CHILUFYA SATA OPEN ACCESS</subfield>
    <subfield code="e">904712</subfield>
    <subfield code="F">CBU-SCHOOL OF MEDICINE LIBRARY (Ndola)</subfield>
    <subfield code="I">83.67</subfield>
    <subfield code="j">RC 111 Jon</subfield>
    <subfield code="M">9</subfield>
    <subfield code="U">AVAILABLE</subfield>
    <subfield code="W">Feb 6, 2020</subfield>
    <subfield code="y">904712</subfield>
    <subfield code="Z">Medical Library Open Access Collection</subfield>
  </datafield>
  <datafield tag="995" ind1=" " ind2=" ">
    <subfield code="a">MICHAEL CHILUFYA SATA OPEN ACCESS</subfield>
    <subfield code="e">904711</subfield>
    <subfield code="F">CBU-SCHOOL OF MEDICINE LIBRARY (Ndola)</subfield>
    <subfield code="I">83.67</subfield>
    <subfield code="j">RC 111 Jon</subfield>
    <subfield code="M">8</subfield>
    <subfield code="U">AVAILABLE</subfield>
    <subfield code="W">Feb 6, 2020</subfield>
    <subfield code="y">904711</subfield>
    <subfield code="Z">Medical Library Open Access Collection</subfield>
  </datafield>
  <datafield tag="995" ind1=" " ind2=" ">
    <subfield code="a">MEDICAL LIBRARY OPEN ACCESS</subfield>
    <subfield code="e">904173</subfield>
    <subfield code="F">CBU-SCHOOL OF MEDICINE LIBRARY (Ndola)</subfield>
    <subfield code="I">83.67</subfield>
    <subfield code="j">RC 111 Jon</subfield>
    <subfield code="M">3</subfield>
    <subfield code="U">AVAILABLE</subfield>
    <subfield code="W">Jun 12, 2019</subfield>
    <subfield code="y">904173</subfield>
    <subfield code="Z">Medical Library Open Access Collection</subfield>
  </datafield>
  <datafield tag="995" ind1=" " ind2=" ">
    <subfield code="a">MAIN LIBRARY OPEN ACCESS</subfield>
    <subfield code="e">750138</subfield>
    <subfield code="F">CBU-MAIN LIBRARY (Kitwe)</subfield>
    <subfield code="I">83.67</subfield>
    <subfield code="j">RC 111 Jon</subfield>
    <subfield code="M">6</subfield>
    <subfield code="U">AVAILABLE</subfield>
    <subfield code="W">Jan 28, 2020</subfield>
    <subfield code="y">750138</subfield>
    <subfield code="Z">Medical Library Open Access Collection</subfield>
  </datafield>
  <datafield tag="995" ind1=" " ind2=" ">
    <subfield code="a">MICHAEL CHILUFYA SATA OPEN ACCESS</subfield>
    <subfield code="e">904172</subfield>
    <subfield code="F">CBU-SCHOOL OF MEDICINE LIBRARY (Ndola)</subfield>
    <subfield code="I">83.67</subfield>
    <subfield code="j">RC 111 Jon</subfield>
    <subfield code="M">2</subfield>
    <subfield code="U">AVAILABLE</subfield>
    <subfield code="W">Jun 12, 2019</subfield>
    <subfield code="y">904172</subfield>
    <subfield code="Z">Medical Library Open Access Collection</subfield>
  </datafield>
  <datafield tag="995" ind1=" " ind2=" ">
    <subfield code="a">MEDICAL LIBRARY OPEN ACCESS</subfield>
    <subfield code="e">904174</subfield>
    <subfield code="F">CBU-SCHOOL OF MEDICINE LIBRARY (Ndola)</subfield>
    <subfield code="I">83.67</subfield>
    <subfield code="j">RC 111 Jon</subfield>
    <subfield code="M">4</subfield>
    <subfield code="U">AVAILABLE</subfield>
    <subfield code="W">Jun 12, 2019</subfield>
    <subfield code="y">904174</subfield>
    <subfield code="Z">Medical Library Open Access Collection</subfield>
  </datafield>
  <datafield tag="995" ind1=" " ind2=" ">
    <subfield code="a">MICHAEL CHILUFYA SATA OPEN ACCESS</subfield>
    <subfield code="e">904710</subfield>
    <subfield code="F">CBU-SCHOOL OF MEDICINE LIBRARY (Ndola)</subfield>
    <subfield code="I">83.67</subfield>
    <subfield code="j">RC 111 Jon</subfield>
    <subfield code="M">7</subfield>
    <subfield code="U">AVAILABLE</subfield>
    <subfield code="W">Feb 6, 2020</subfield>
    <subfield code="y">904710</subfield>
    <subfield code="Z">Medical Library Open Access Collection</subfield>
  </datafield>
  <datafield tag="995" ind1=" " ind2=" ">
    <subfield code="a">MEDICAL LIBRARY OPEN ACCESS</subfield>
    <subfield code="e">904171</subfield>
    <subfield code="F">CBU-SCHOOL OF MEDICINE LIBRARY (Ndola)</subfield>
    <subfield code="I">83.67</subfield>
    <subfield code="j">RC 111 Jon</subfield>
    <subfield code="M">1</subfield>
    <subfield code="U">AVAILABLE</subfield>
    <subfield code="W">Jun 12, 2019</subfield>
    <subfield code="y">904171</subfield>
    <subfield code="Z">Medical Library Open Access Collection</subfield>
  </datafield>
  <datafield tag="995" ind1=" " ind2=" ">
    <subfield code="a">MAIN LIBRARY OPEN ACCESS</subfield>
    <subfield code="e">750137</subfield>
    <subfield code="F">CBU-MAIN LIBRARY (Kitwe)</subfield>
    <subfield code="I">83.67</subfield>
    <subfield code="j">RC 111 Jon</subfield>
    <subfield code="M">5</subfield>
    <subfield code="U">AVAILABLE</subfield>
    <subfield code="W">Jan 28, 2020</subfield>
    <subfield code="y">750137</subfield>
    <subfield code="Z">Medical Library Open Access Collection</subfield>
  </datafield>
  <datafield tag="999" ind1=" " ind2=" ">
    <subfield code="c">78754</subfield>
    <subfield code="d">78754</subfield>
  </datafield>
  <datafield tag="952" ind1=" " ind2=" ">
    <subfield code="0">0</subfield>
    <subfield code="1">0</subfield>
    <subfield code="2">lcc</subfield>
    <subfield code="4">0</subfield>
    <subfield code="7">0</subfield>
    <subfield code="a">008</subfield>
    <subfield code="b">002</subfield>
    <subfield code="c">MCS Library Open Access Collection</subfield>
    <subfield code="d">2023-06-06</subfield>
    <subfield code="l">1</subfield>
    <subfield code="o">RC 111 Jon</subfield>
    <subfield code="p">904712</subfield>
    <subfield code="r">2026-06-03</subfield>
    <subfield code="s">2026-05-18</subfield>
    <subfield code="t">1</subfield>
    <subfield code="w">2023-06-06</subfield>
    <subfield code="y">002</subfield>
  </datafield>
  <datafield tag="952" ind1=" " ind2=" ">
    <subfield code="0">0</subfield>
    <subfield code="1">0</subfield>
    <subfield code="2">lcc</subfield>
    <subfield code="4">0</subfield>
    <subfield code="7">0</subfield>
    <subfield code="a">008</subfield>
    <subfield code="b">008</subfield>
    <subfield code="c">MCS Library Open Access Collection</subfield>
    <subfield code="d">2023-06-06</subfield>
    <subfield code="l">0</subfield>
    <subfield code="o">RC 111 Jon</subfield>
    <subfield code="p">904711</subfield>
    <subfield code="r">2023-06-06</subfield>
    <subfield code="t">2</subfield>
    <subfield code="w">2023-06-06</subfield>
    <subfield code="y">002</subfield>
  </datafield>
  <datafield tag="952" ind1=" " ind2=" ">
    <subfield code="0">0</subfield>
    <subfield code="1">0</subfield>
    <subfield code="2">lcc</subfield>
    <subfield code="4">0</subfield>
    <subfield code="7">0</subfield>
    <subfield code="a">002</subfield>
    <subfield code="b">002</subfield>
    <subfield code="c">Medical Library Open Access Collection</subfield>
    <subfield code="d">2023-06-06</subfield>
    <subfield code="l">0</subfield>
    <subfield code="o">RC 111 Jon</subfield>
    <subfield code="p">904173</subfield>
    <subfield code="r">2023-06-06</subfield>
    <subfield code="t">3</subfield>
    <subfield code="w">2023-06-06</subfield>
    <subfield code="y">002</subfield>
  </datafield>
  <datafield tag="952" ind1=" " ind2=" ">
    <subfield code="0">0</subfield>
    <subfield code="1">0</subfield>
    <subfield code="2">lcc</subfield>
    <subfield code="4">0</subfield>
    <subfield code="7">0</subfield>
    <subfield code="a">001</subfield>
    <subfield code="b">001</subfield>
    <subfield code="c">Main Library Open Access Collection</subfield>
    <subfield code="d">2023-06-06</subfield>
    <subfield code="l">0</subfield>
    <subfield code="o">RC 111 Jon</subfield>
    <subfield code="p">750138</subfield>
    <subfield code="r">2023-06-06</subfield>
    <subfield code="t">4</subfield>
    <subfield code="w">2023-06-06</subfield>
    <subfield code="y">002</subfield>
  </datafield>
  <datafield tag="952" ind1=" " ind2=" ">
    <subfield code="0">0</subfield>
    <subfield code="1">0</subfield>
    <subfield code="2">lcc</subfield>
    <subfield code="4">0</subfield>
    <subfield code="7">0</subfield>
    <subfield code="a">008</subfield>
    <subfield code="b">008</subfield>
    <subfield code="c">MCS Library Open Access Collection</subfield>
    <subfield code="d">2023-06-06</subfield>
    <subfield code="l">0</subfield>
    <subfield code="o">RC 111 Jon</subfield>
    <subfield code="p">904172</subfield>
    <subfield code="r">2023-06-06</subfield>
    <subfield code="t">5</subfield>
    <subfield code="w">2023-06-06</subfield>
    <subfield code="y">002</subfield>
  </datafield>
  <datafield tag="952" ind1=" " ind2=" ">
    <subfield code="0">0</subfield>
    <subfield code="1">0</subfield>
    <subfield code="2">lcc</subfield>
    <subfield code="4">0</subfield>
    <subfield code="7">0</subfield>
    <subfield code="a">002</subfield>
    <subfield code="b">002</subfield>
    <subfield code="c">Medical Library Open Access Collection</subfield>
    <subfield code="d">2023-06-06</subfield>
    <subfield code="l">0</subfield>
    <subfield code="o">RC 111 Jon</subfield>
    <subfield code="p">904174</subfield>
    <subfield code="r">2023-06-06</subfield>
    <subfield code="t">6</subfield>
    <subfield code="w">2023-06-06</subfield>
    <subfield code="y">002</subfield>
  </datafield>
  <datafield tag="952" ind1=" " ind2=" ">
    <subfield code="0">0</subfield>
    <subfield code="1">0</subfield>
    <subfield code="2">lcc</subfield>
    <subfield code="4">0</subfield>
    <subfield code="7">0</subfield>
    <subfield code="a">008</subfield>
    <subfield code="b">008</subfield>
    <subfield code="c">MCS Library Open Access Collection</subfield>
    <subfield code="d">2023-06-06</subfield>
    <subfield code="l">0</subfield>
    <subfield code="o">RC 111 Jon</subfield>
    <subfield code="p">904710</subfield>
    <subfield code="r">2023-06-06</subfield>
    <subfield code="t">7</subfield>
    <subfield code="w">2023-06-06</subfield>
    <subfield code="y">002</subfield>
  </datafield>
  <datafield tag="952" ind1=" " ind2=" ">
    <subfield code="0">0</subfield>
    <subfield code="1">0</subfield>
    <subfield code="2">lcc</subfield>
    <subfield code="4">0</subfield>
    <subfield code="7">0</subfield>
    <subfield code="a">002</subfield>
    <subfield code="b">002</subfield>
    <subfield code="c">Medical Library Open Access Collection</subfield>
    <subfield code="d">2023-06-06</subfield>
    <subfield code="l">0</subfield>
    <subfield code="o">RC 111 Jon</subfield>
    <subfield code="p">904171</subfield>
    <subfield code="r">2023-06-06</subfield>
    <subfield code="t">8</subfield>
    <subfield code="w">2023-06-06</subfield>
    <subfield code="y">002</subfield>
  </datafield>
  <datafield tag="952" ind1=" " ind2=" ">
    <subfield code="0">0</subfield>
    <subfield code="1">0</subfield>
    <subfield code="2">lcc</subfield>
    <subfield code="4">0</subfield>
    <subfield code="7">0</subfield>
    <subfield code="a">001</subfield>
    <subfield code="b">001</subfield>
    <subfield code="c">Main Library Open Access Collection</subfield>
    <subfield code="d">2023-06-06</subfield>
    <subfield code="l">0</subfield>
    <subfield code="o">RC 111 Jon</subfield>
    <subfield code="p">750137</subfield>
    <subfield code="r">2023-06-06</subfield>
    <subfield code="t">9</subfield>
    <subfield code="w">2023-06-06</subfield>
    <subfield code="y">002</subfield>
  </datafield>
</record>
